000 00655nam a22001817a 4500
005 20231117134658.0
008 231117b |||||||| |||| 00| 0 eng d
020 _a9780409116663
041 _aEnglish
082 _a343.4 SIL
100 _ade Koker, A and Williams, RC
_lEnglish
245 _aSilke on South African Income Tax :
_bBeing an exposition of the Law, Practice and Incidence of Income Tax in South Africa /
_cA de Koker and RC Williams
250 _aMemorial Edition
260 _aDurban :
_bLexisNexis (Pty) Ltd,
_c1995
300 _bcxli,
_c27 cm.
650 _aLegal practice
_bLaw
942 _cBK
_6ALISON_BN_VRIES
999 _c773
_d773